Principio de igualdad en la Constitución y la Jurisprudencia Constitucional (Registro nro. 31045)
[ vista simple ]
| 000 -CABECERA | |
|---|---|
| Longitud fija campo de control | 01057nam a2200229 a 4500 |
| 003 - • IDENTIFICADOR DELl NÚMERO DE CONTROL | |
| Identificador del número de control | CO-ViMGA |
| 008 - • CÓDIGOS DE INFORMACIÓN DE LONGITUD FIJA | |
| Códigos de información de longitud fija | 141112s2004 ck r 000 u spa d |
| 020 ## - • NÚMERO INTERNACIONAL NORMALIZADO PARA LIBROS | |
| Número Internacional Normalizado para Libros (ISBN) | 9588235308 |
| 040 ## - FUENTE DE LA CATALOGACIÓN | |
| Centro catalogador de origen | CO-ViMGA |
| Lengua de catalogación | spa |
| Centro transcriptor | CO-ViMGA |
| 082 04 - • NÚMERO DE LA CLASIFICACIÓN DECIMAL DEWEY | |
| Número de clasificación (R) | 323.42 S817p |
| 100 1# - • PUNTO DE ACCESO PRINCIPAL-NOMBRE DE PERSONA | |
| Nombre de persona | Suárez Varón, Martín Leonardo |
| 245 10 - • TITULO PROPIAMENTE DICHO | |
| Título | Principio de igualdad en la Constitución y la Jurisprudencia Constitucional |
| 250 ## - • MENCIÓN DE EDICIÓN | |
| Mención de edición | 1a ed. |
| 300 ## - • DESCRIPCIÓN FÍSICA | |
| Extensión | 165p. |
| 505 ## - • NOTA DE CONTENIDO CON FORMATO | |
| Nota de contenido con formato | El principio de desigualda.antecedentes de su consagracion constitucional, La teoria del derecho de igualdad, La estructura de las normas relativas al derecho de igualda contenidas en la Constitucion Política de 1991, La competencia para determinar los criterios relevantes para establecer una igualdad y una desigualdad de tarto conforme a la constitucion, |
| 650 14 - • PUNTO DE ACCESO ADICIONAL DE MATERIA - TÉRMINO DE MATERIA | |
| Término de materia o nombre geográfico como elemento inicial | COLOMBIA - DERECHO CONSTITUCIONAL |
| 650 14 - • PUNTO DE ACCESO ADICIONAL DE MATERIA - TÉRMINO DE MATERIA | |
| Término de materia o nombre geográfico como elemento inicial | IGUALDAD ANTE LA LEY - COLOMBIA |
| 650 14 - • PUNTO DE ACCESO ADICIONAL DE MATERIA - TÉRMINO DE MATERIA | |
| Término de materia o nombre geográfico como elemento inicial | JURISPRUDENCIA - COLOMBIA |
| 942 ## - ENTRADA DE ELEMENTOS AGREGADOS (KOHA) | |
| Fuente de clasificaión o esquema | Dewey Decimal Classification |
| Koha [por defecto] tipo de item | LIbro |
| Perdido | Fuente de clasificación o esquema | Estado Físico | No para préstamo | Forma de adquisición | Localización permanente | Localización actual | Fecha adquisición | Serie de enumeración / cronolog&íacute;a | Préstamos totales | Signatura completa | Código de barras | Fecha última consulta | Número de copia | Fecha del precio de reemplazo | Tipo de item de Koha |
|---|---|---|---|---|---|---|---|---|---|---|---|---|---|---|---|
| Dewey Decimal Classification | Sala Especializada Tercer Piso | Biblioteca Pública Germán Arciniegas - Villavicencio | Biblioteca Pública Germán Arciniegas - Villavicencio | 12/04/2015 | Volumen. 1 | 19/oct/2009 | 323.42 S817p | 22747 | 09/28/2018 | Ej. 1 | 12/04/2015 | LIbro |